<?xml version="1.0" encoding="UTF-8"?>
<record
    xmlns:xsi="http://www.w3.org/2001/XMLSchema-instance"
    xsi:schemaLocation="http://www.loc.gov/MARC21/slim http://www.loc.gov/standards/marcxml/schema/MARC21slim.xsd"
    xmlns="http://www.loc.gov/MARC21/slim">

  <leader>00844nam a22002177a 4500</leader>
  <controlfield tag="003">OSt</controlfield>
  <controlfield tag="005">20250107014704.0</controlfield>
  <controlfield tag="008">250106b        |||||||| |||| 00| | eng d</controlfield>
  <datafield tag="020" ind1=" " ind2=" ">
    <subfield code="a">978-1-847199-56-0</subfield>
  </datafield>
  <datafield tag="040" ind1=" " ind2=" ">
    <subfield code="c">JMCFI - Learning Resource Center</subfield>
  </datafield>
  <datafield tag="082" ind1=" " ind2=" ">
    <subfield code="a">F.P./IT.Ed. 006.7'8 B662 2010</subfield>
  </datafield>
  <datafield tag="100" ind1=" " ind2=" ">
    <subfield code="a">Boateng, Beatrice A</subfield>
    <subfield code="9">4851</subfield>
  </datafield>
  <datafield tag="245" ind1=" " ind2=" ">
    <subfield code="a">Joomla! social networking with JomSocial :</subfield>
    <subfield code="b">enhance your social networking with JomSocial : learn to develop a high quality social network with JomSocial /</subfield>
    <subfield code="c">Beatrice A. Boateng.</subfield>
  </datafield>
  <datafield tag="260" ind1=" " ind2=" ">
    <subfield code="a">Birhingham, UK :</subfield>
    <subfield code="b">Packt Publishing Ltd.,</subfield>
    <subfield code="c">2010.</subfield>
  </datafield>
  <datafield tag="300" ind1=" " ind2=" ">
    <subfield code="a">iv, 171 pages :</subfield>
    <subfield code="b">black and white, illus. ;</subfield>
    <subfield code="c">24 cm</subfield>
  </datafield>
  <datafield tag="500" ind1=" " ind2=" ">
    <subfield code="a">Includes indexes.</subfield>
  </datafield>
  <datafield tag="650" ind1=" " ind2=" ">
    <subfield code="a">Social networks.</subfield>
    <subfield code="9">2197</subfield>
  </datafield>
  <datafield tag="650" ind1=" " ind2=" ">
    <subfield code="a">JomSocial (Social networks).</subfield>
    <subfield code="9">4852</subfield>
  </datafield>
  <datafield tag="650" ind1=" " ind2=" ">
    <subfield code="a">Joomla! (Computer file).</subfield>
    <subfield code="9">4905</subfield>
  </datafield>
  <datafield tag="942" ind1=" " ind2=" ">
    <subfield code="2">ddc</subfield>
    <subfield code="c">BK</subfield>
    <subfield code="n">0</subfield>
  </datafield>
  <datafield tag="999" ind1=" " ind2=" ">
    <subfield code="c">2359</subfield>
    <subfield code="d">2359</subfield>
  </datafield>
  <datafield tag="952" ind1=" " ind2=" ">
    <subfield code="0">0</subfield>
    <subfield code="1">0</subfield>
    <subfield code="2">ddc</subfield>
    <subfield code="4">0</subfield>
    <subfield code="7">0</subfield>
    <subfield code="a">JMC</subfield>
    <subfield code="b">JMC</subfield>
    <subfield code="c">F.P./IT</subfield>
    <subfield code="d">2012-07-18</subfield>
    <subfield code="l">0</subfield>
    <subfield code="o">F.P./IT.Ed. 006.7'8  B662 2010 c1</subfield>
    <subfield code="p">00004355</subfield>
    <subfield code="r">2025-01-06</subfield>
    <subfield code="t">1</subfield>
    <subfield code="w">2025-01-06</subfield>
    <subfield code="y">BK</subfield>
  </datafield>
  <datafield tag="952" ind1=" " ind2=" ">
    <subfield code="0">0</subfield>
    <subfield code="1">0</subfield>
    <subfield code="2">ddc</subfield>
    <subfield code="4">0</subfield>
    <subfield code="7">0</subfield>
    <subfield code="a">JMC</subfield>
    <subfield code="b">JMC</subfield>
    <subfield code="c">F.P./IT</subfield>
    <subfield code="d">2012-07-18</subfield>
    <subfield code="l">0</subfield>
    <subfield code="o">F.P./IT.Ed. 006.7'8 B662 2010 c2</subfield>
    <subfield code="p">00004356</subfield>
    <subfield code="r">2025-01-06</subfield>
    <subfield code="t">2</subfield>
    <subfield code="w">2025-01-06</subfield>
    <subfield code="y">BK</subfield>
  </datafield>
  <datafield tag="952" ind1=" " ind2=" ">
    <subfield code="0">0</subfield>
    <subfield code="1">0</subfield>
    <subfield code="2">ddc</subfield>
    <subfield code="4">0</subfield>
    <subfield code="7">0</subfield>
    <subfield code="a">JMC</subfield>
    <subfield code="b">JMC</subfield>
    <subfield code="c">F.P./IT</subfield>
    <subfield code="d">2012-07-18</subfield>
    <subfield code="l">0</subfield>
    <subfield code="o">F.P./IT.Ed. 006.7'8 B662 2010 c3</subfield>
    <subfield code="p">00004357</subfield>
    <subfield code="r">2025-01-06</subfield>
    <subfield code="t">3</subfield>
    <subfield code="w">2025-01-06</subfield>
    <subfield code="y">BK</subfield>
  </datafield>
</record>
